LIBRARY & INFORMATION CENTRE, KCAET, TAVANUR

ONLINE PUBLIC ACCESS CATALOGUE (OPAC)

Normal view MARC view
  • ABDULLA HASHIM, P. A

Entry Personal Name

Number of records used in: 1

001 - CONTROL NUMBER

  • control field: 2984

003 - CONTROL NUMBER IDENTIFIER

  • control field: OSt

005 - DATE AND TIME OF LATEST TRANSACTION

  • control field: 20180303122309.0

008 - FIXED-LENGTH DATA ELEMENTS

  • fixed length control field: 180303|| aca||aabn | a|a d

040 ## - CATALOGING SOURCE

  • Original cataloging agency: OSt
  • Transcribing agency: OSt

100 ## - HEADING--PERSONAL NAME

  • Personal name: ABDULLA HASHIM, P. A

670 ## - SOURCE DATA FOUND

  • Source citation: Work cat.: (OSt): ABDULLA HASHIM, P. A, Design fabrication and testing of a solar cabinet drier for spices, 1991
free website counter